Statistics for Appalachian Trail States on a Map

Click here to take the quiz!

General Stats

  • This quiz has been taken 33 times
  • The average score is 14 of 14

Answers on the Map

Answers color-coded by a green-red scale on the quiz's map according to % correct below.
Loading ...
 

Answer Stats

States % Correct
Georgia
100%
Massachusetts
100%
New York
100%
North Carolina
100%
Pennsylvania
100%
Tennessee
100%
Virginia
100%
West Virginia
100%
Maine
95%
Maryland
95%
New Hampshire
95%
Vermont
95%
Connecticut
90%
New Jersey
90%

Score Distribution

Percentile by Number Answered

Percent of People with Each Score

Your Score History

You have not taken this quiz